| 000 | 00559nam a2200169 a 4500 | ||
|---|---|---|---|
| 001 | 000021612 | ||
| 005 | 20200930011402.0 | ||
| 008 | 100909s1967 dr 000 0 spa d | ||
| 040 |
_aDO-SdBNP _bspa _cBNPHU |
||
| 082 |
_axxx _bS232e |
||
| 100 | 1 |
_aSantana Trinidad, Santiago _944985 |
|
| 245 | 1 | 0 |
_aElupina Cordero : _bciega iluminada / _cSantiago Santana Trinidad ; prólogo María Báez de Santana. |
| 260 |
_aSanto Domingo : _bEditora Del Caribe, _c1967. |
||
| 300 |
_a306 p. ; _c25 cm. |
||
| 700 | 1 |
_aBáez de Santana, María _epról. _944986 |
|
| 049 | _aBNPD | ||
| 999 |
_c21111 _d21111 |
||